000 00439nam a2200133Ia 4500
008 100328s9999 xx 000 0 und d
082 _b20359
100 _aदेगलूरकर ाुंडा महाराज
245 _aभक्तिशास्त्र
260 _bएकनाथ संशोान
630 _aभक्तिशास्त्र
730 _aभक्तिशास्त्र
942 _cBOOK
999 _c514513
_d514510